书目信息 |
| 题名: |
当代社会问题
|
|
| 作者: | 文森特·帕里罗 ;周兵 译 | |
| 分册: | ||
| 出版信息: | 北京 华夏出版社 2002 |
|
| 页数: | 564 | |
| 开本: | 23cm | |
| 丛书名: | ||
| 单 册: | ||
| 中图分类: | D771.28 | |
| 科图分类: | ||
| 主题词: | 政治 | |
| 电子资源: | ||
| ISBN: | 7-5080-2660-8 | |
| 000 | 00603nam0 2200193 450 | |
| 001 | 0760515518 | |
| 005 | 20070817164835.51 | |
| 010 | @a7-5080-2660-8@d¥59.00 | |
| 100 | @a20070817d km y0chiy0120 ea | |
| 101 | 0 | @achi |
| 200 | 1 | @a当代社会问题@Adang dai she hui wen ti@f(美)文森特.帕里罗等@F(mei)wen sen te.pa li luo deng@g周兵等译@Gzhou bing deng yi |
| 210 | @a北京@c华夏出版社@d2002 | |
| 215 | @a564@d23cm | |
| 606 | 0 | @a政治 |
| 690 | @aD771.28@v3 | |
| 701 | 0 | @a文森特·帕里罗@Awen sen te·pa li luo |
| 702 | 0 | @a周兵@Azhou bing@4译 |
| 801 | 0 | @aCN@bPFT@c20070817 |
| 905 | @a213230@dD771.28@eg1@f1 | |
| 当代社会问题/(美)文森特.帕里罗等/周兵等译.-北京:华夏出版社,2002 |
| 564;23cm |
| ISBN 7-5080-2660-8:¥59.00 |
| ● |
| 相关链接 |
|
|
|
|
正题名:当代社会问题
索取号:D771.28/g1
 
预约/预借
| 序号 | 登录号 | 条形码 | 馆藏地/架位号 | 状态 | 备注 |
| 1 | 6500600 | 265006003 | 密集书库-海洋学院/ [索取号:D771.28/g1] | 在馆 |